Zlepšenie trhovej pozície SLK "ELEKTRO", s.r.o. Komárno pomocou propagácie : Diplmová práca

Enregistré dans:
Détails bibliographiques
Auteur principal: Jalšovská, Silvia (Auteur)
Autres auteurs: Jedlička, Milan, 1947- (xxx)
Format: Manuscrit Livre
Langue:slovaque
Publié: Trnava : STU v Bratislave MtF KMK, 1999
Sujets:
Tags: Ajouter un tag
Pas de tags, Soyez le premier à ajouter un tag!

MARC

LEADER 00000ntm a22000003a 4500
001 stu53325
005 20160719155243.3
008 000427s1999----xo------------------slo-d
040 |a STU  |b slo 
041 0 |a slo 
044 |a xo 
100 1 |a Jalšovská, Silvia  |4 aut 
245 1 |a Zlepšenie trhovej pozície SLK "ELEKTRO", s.r.o. Komárno pomocou propagácie :  |b Diplmová práca 
260 |a Trnava :  |b STU v Bratislave MtF KMK,  |c 1999 
300 |a 61 s  |c výťah 
650 7 |a Trhy-propagácia podniková  |2 stusub 
650 7 |a manažment priemyselných podnikov  |2 stusub 
700 1 |a Jedlička, Milan,  |d 1947-  |4 xxx  |u M190  |U MTF Materiálovotechnologická fakulta  |T MTF Katedra priemyselného inžinierstva a manažmentu  |X 1488  |U M190  |Y 167  |7 A000001488 
996 |b 284M012558  |c M*DP-294  |l MMSKP  |s P  |a 0  |w stu53325_0001